| 000 | 00501 a2200169 4500 | ||
|---|---|---|---|
| 999 |
_c4691 _d4691 |
||
| 020 | _a9780869228333 | ||
| 050 | 0 | 0 | _aPR9390 GWE 2010 |
| 100 | 1 |
_aGwetai, Ericah. _eauthor |
|
| 245 | 1 | 0 |
_aRealities : _ba collection of short stories / _cby Ericah Gwetai. |
| 264 |
_aGweru: _bMambo Press, _c2010, |
||
| 300 | _av, 100 p. ; | ||
| 500 | _aShort stories | ||
| 650 | _aShort stories-- English | ||
| 651 | _aZimbabwe | ||
| 942 |
_2lcc _cBK _h9390 _iGWE _kPR |
||